Pays du Monde commençant par IND, IRA, KIR, LIB - Statistiques

Statistiques générales
  • Ce quiz a été pris 290 fois
  • Le résultat moyen est 9 sur 9
Statistiques - réponses
Réponse % Correct
Inde
100%
Irak
100%
Iran
100%
Indonésie
99%
Liban
99%
Liberia
94%
Kirghizistan
91%
Libye
91%
Kiribati
83%
Aucun quiz correspondant
Distribution des résultats
% des personnes avec chaque résultat
Percentile par nombre de réponses
Votre historique - résultats
Vous n’avez pas pris ce quiz